000 00206nam a22000857a 4500
008 161229b xxu||||| |||| 00| 0 eng d
100 _92234
_aGeorge.A
245 _aAmazing English
260 _aNew Delhi
_bA.G
_c2011
999 _c5121
_d5121